00736nam a22002417a 4500003000400000005001700004008004100021010001300062020002200075035002300097037001600120040001500136082001800151100001600169245008400185260003800269270004300307300003100350500005200381650001700433650002700450700001700477dpl20180804121511.0180804b xxu||||| |||| 00| 0 eng d aA-904524 c00.00a0074631411 aA-904524, B-045522 bCen Lib/Ret aDPLbENc0 a333.7923bGAR aGarg, H. P. aSolar energy :cby H. P. Garg [and] J. Prakashbfundamentals and applications / aNew DelhibTata McGraw-Hillc1997 bNew Delhia4/12, Asaf Ali Roade110002 axvi,435p.:c24cm(Hb)bill. aIncludes bibliographical references and index  aSolar energy aSolar energy--Research aPrakash, J.